ՀՀ Գիտությունների ազգային ակադեմիայի հիմնարար գիտական գրադարան  =   Fundamental Scientific Library of NAS RA

Մասունքներ : (Record no. 346047)

MARC details
000 -LEADER
fixed length control field 00854nam a2200217 a 4500
001 - CONTROL NUMBER
control field 001065701
003 - CONTROL NUMBER IDENTIFIER
control field AM-YeHGA
005 - DATE AND TIME OF LATEST TRANSACTION
control field 20250618074355.0
008 - FIXED-LENGTH DATA ELEMENTS--GENERAL INFORMATION
fixed length control field 150313s2015 ai r 000 0 arm d
040 ## - CATALOGING SOURCE
Original cataloging agency AM-YeHGA
041 0# - LANGUAGE CODE
Language code of text/sound track or separate title arm
090 ## - LOCALLY ASSIGNED LC-TYPE CALL NUMBER (OCLC); LOCAL CALL NUMBER (RLIN)
-- 347848
100 1# - MAIN ENTRY--PERSONAL NAME
Personal name Սիմոնյան, Ռուբեն Աբգարի,
Dates associated with a name 1938-
9 (RLIN) 4194
245 10 - TITLE STATEMENT
Title Մասունքներ :
Remainder of title (Պատումներ): (Նվիրված Զորավար Անդրանիկի հերոսական կյանքին) /
Statement of responsibility, etc. Ռ.Ա. Սիմոնյան; Խմբ.՝ Տ.Սիմոնյան.
260 ## - PUBLICATION, DISTRIBUTION, ETC.
Place of publication, distribution, etc. Երևան :
Name of publisher, distributor, etc. ՆՏ հոլդինգ,
Date of publication, distribution, etc. 2015.
300 ## - PHYSICAL DESCRIPTION
Extent 120 էջ :
Other physical details նկ. ;
Dimensions 20 սմ.
500 ## - GENERAL NOTE
General note Տողատ. ծանոթ.
600 14 - SUBJECT ADDED ENTRY--PERSONAL NAME
Personal name Անդրանիկ
650 14 - SUBJECT ADDED ENTRY--TOPICAL TERM
Topical term or geographic name entry element Հայ ժողովրդի պատմություն
General subdivision Նշանավոր դեմքեր
700 1# - ADDED ENTRY--PERSONAL NAME
Personal name Սիմոնյան, Տ.
Relator term խմբ.
Relationship edt.
Holdings
Withdrawn status Lost status Damaged status Not for loan Collection Home library Current library Date acquired Cost, normal purchase price Shelving control number Total checkouts Full call number Barcode Date last seen Price effective from Koha item type Public note
        General Fundamental Scientific Library Fundamental Scientific Library 09/01/2017 2000.00     AII/100407 FL0333963 09/01/2017 09/01/2017 Գրքեր / Books 30 Days Loan
        General Fundamental Scientific Library Fundamental Scientific Library 09/01/2017 2000.00     AII/100408 FL0333964 09/01/2017 09/01/2017 Գրքեր / Books 30 Days Loan


ՀՀ ԳԱԱ հիմնարար գիտական գրադարան
ՀՀ,Երևան 0019
Մարշալ Բաղրամյան 24/6
հեռախոս:(374-10) 52-47-50
Հետադարձ կապ

All site content, except where otherwise noted, is licensed under a
Creative Commons License